<?xml version="1.0" encoding="UTF-8"?><?xml-stylesheet type="text/xsl" href="static/style.xsl"?><OAI-PMH xmlns="http://www.openarchives.org/OAI/2.0/" xmlns:xsi="http://www.w3.org/2001/XMLSchema-instance" xsi:schemaLocation="http://www.openarchives.org/OAI/2.0/ http://www.openarchives.org/OAI/2.0/OAI-PMH.xsd"><responseDate>2026-05-12T09:49:06Z</responseDate><request verb="GetRecord" identifier="oai:riubu.ubu.es:10259/10791" metadataPrefix="marc">https://riubu.ubu.es/oai/request</request><GetRecord><record><header><identifier>oai:riubu.ubu.es:10259/10791</identifier><datestamp>2025-08-19T00:05:30Z</datestamp><setSpec>com_10259_7355</setSpec><setSpec>com_10259_7353</setSpec><setSpec>com_10259_2604</setSpec><setSpec>col_10259_10770</setSpec></header><metadata><record xmlns="http://www.loc.gov/MARC21/slim" xmlns:doc="http://www.lyncode.com/xoai" xmlns:xsi="http://www.w3.org/2001/XMLSchema-instance" xmlns:dcterms="http://purl.org/dc/terms/" xsi:schemaLocation="http://www.loc.gov/MARC21/slim http://www.loc.gov/standards/marcxml/schema/MARC21slim.xsd">
<leader>00925njm 22002777a 4500</leader>
<datafield tag="042" ind1=" " ind2=" ">
<subfield code="a">dc</subfield>
</datafield>
<datafield tag="720" ind1=" " ind2=" ">
<subfield code="a">Jiménez Balbuena, Cristina</subfield>
<subfield code="e">author</subfield>
</datafield>
<datafield tag="260" ind1=" " ind2=" ">
<subfield code="c">2024-12</subfield>
</datafield>
<datafield tag="520" ind1=" " ind2=" ">
<subfield code="a">El desarrollo de los espacios auxiliares en las iglesias de la comarca del Salado, obispado de Sigüenza, parece responder a priori al modelo de sacristía dispuesto en Trento. Sin embargo, una primera aproximación a sus tipos y el análisis de la iconografía de las pinturas murales de la Magdalena de Santamera (Guadalajara), muestra que algunas de sacristías, más allá de ser espacios donde custodiar el ajuar sagrado, fueron concebidas por las instituciones eclesiásticas como lugares de adoctrinamiento y evidencia de la desconfianza que debían tener hacia los cristianos nuevos.</subfield>
</datafield>
<datafield tag="520" ind1=" " ind2=" ">
<subfield code="a">The development of auxiliary spaces in the churches of the Salado region, bishopric of Sigüenza, appears at first glance to follow the model of the sacristy established in Trent. However, a pre-liminary examination of their types and the analysis of the iconography of the mural paintings of La Magdalena in Santamera (Guadalajara), shows that some sacristies, beyond being spaces for safeguarding sacred vestments, were conceived by ecclesiastical institutions as places for indoc-trination and evidence of the distrust they should have towards new Christians.</subfield>
</datafield>
<datafield tag="024" ind2=" " ind1="8">
<subfield code="a">2952-1084</subfield>
</datafield>
<datafield tag="024" ind2=" " ind1="8">
<subfield code="a">https://hdl.handle.net/10259/10791</subfield>
</datafield>
<datafield tag="024" ind2=" " ind1="8">
<subfield code="a">10.36443/sarmental.72</subfield>
</datafield>
<datafield tag="024" ind2=" " ind1="8">
<subfield code="a">2952-1084</subfield>
</datafield>
<datafield ind1=" " ind2=" " tag="653">
<subfield code="a">Obispado de Sigüenza</subfield>
</datafield>
<datafield ind1=" " ind2=" " tag="653">
<subfield code="a">Valle del Salado</subfield>
</datafield>
<datafield ind1=" " ind2=" " tag="653">
<subfield code="a">Santamera</subfield>
</datafield>
<datafield ind1=" " ind2=" " tag="653">
<subfield code="a">Sacristía</subfield>
</datafield>
<datafield ind1=" " ind2=" " tag="653">
<subfield code="a">Pasión de Cristo</subfield>
</datafield>
<datafield ind1=" " ind2=" " tag="653">
<subfield code="a">Iconografía</subfield>
</datafield>
<datafield ind1=" " ind2=" " tag="653">
<subfield code="a">Iconología</subfield>
</datafield>
<datafield ind1=" " ind2=" " tag="653">
<subfield code="a">Juicio Final</subfield>
</datafield>
<datafield tag="245" ind1="0" ind2="0">
<subfield code="a">Las sacristías parroquiales del valle del Salado.El singular programa iconográfico e iconológico de las pinturas de la sacristía de la Magdalena (Santamera, Guadalajara)</subfield>
</datafield>
</record></metadata></record></GetRecord></OAI-PMH>